01098nam a2200337 k 4500001001300000005001500013008004100028020003300069040001900102041001300121049001700134056001300151090002000164100001900184245007500203246003400278250001400312260003100326300001600357440003800373500008100411500003200492546004100524653003300565700001900598700001400617740006200631740003700693900001900730950001100749KMO20260100820260331091105260328s2025 ulk 000 f kor a9791193551424g43840c\19000 a146043c1460431 akorheng0 lMEM000012585 a843.626 a843.6b잭58ㅍ1 a잭슨, 홀리10a핍의 살인 사건 안내서d홀리 잭슨 지음e장여정 옮김19aGood Girl’s Guide to Murder a개정판 a서울b북레시피c2025 a522p.c20cm00a여고생 핍의 사건 파일v1 a개정 전 제목: 여고생 핍의 사건 파일 : 샐 싱 미스터리 편 a원저자명: Holly Jackson a영어 원작을 한국어로 번역 a핍a살인사건a안내서1 a잭슨, 홀리1 a장여정02a여고생 핍의 사건 파일 : 샐 싱 미스터리 편02a여고생 핍의 사건 파일 110aJackson, Holly0 b\19000 |
|---|